000 00753nam a2200253Ia 4500
003 OSt
005 20220918214850.0
006 a|||||r|||| 00| 0
007 ta
008 220917b |||||||| |||| 00| 0 eng d
024 _a139,196
037 _cTextual
040 _aARTS
_cARTS
_beng
041 _2eng
_aeng
082 _aY:5.687, M3 (906)
100 _aAnker Richard
_9132638
245 0 _aPopulation growth, employment and economic-demographic interactions in Kenya
_b Bachue-Kenya
260 _aNew York
_bGower
_c1983
300 _axiv,735p.
_ccm.
650 _aSOCIOLOGY
700 _a Knowles James c
_9132639
942 _hY:5.687, M3 (906)
_cTEXL
_2CC
999 _c262198
_d262198